| 000 | 00613nam a2200217 a 4500 | ||
|---|---|---|---|
| 999 |
_c1146 _d1146 |
||
| 001 | 1146 | ||
| 003 | BD-JhCC | ||
| 005 | 20191213134007.0 | ||
| 008 | 171015s19891993bg ||||| |||| 00| 0 ben d | ||
| 035 | _a(BD-JhCC) 1146 | ||
| 040 |
_aBD-JhCC _dBD-JhCC |
||
| 041 | _aeng | ||
| 082 |
_a891.443 _bAHM 1989 |
||
| 100 | _aআহমেদ, হুমায়ুন | ||
| 245 |
_aবোতল ভূত / _cহুমায়ুন আহমেদ |
||
| 260 |
_aঢাকা : _bপ্রতীক _c১৯৮৯ |
||
| 300 |
_a64 p. : _c21 cm |
||
| 650 | _aBengali Novel | ||
| 942 |
_2ddc _cBK _02 |
||